Entry Personal Name
Number of records used in: 1
001 - CONTROL NUMBER
003 - CONTROL NUMBER IDENTIFIER
005 - DATE AND TIME OF LATEST TRANSACTION
- control field:
20230904110731.0
008 - FIXED-LENGTH DATA ELEMENTS
- fixed length control field:
940623n| acannaab| |n aaa
010 ## - LIBRARY OF CONGRESS CONTROL NUMBER
- LC control number:
n 94060559
040 ## - CATALOGING SOURCE
- Original cataloging agency:
DLC
- Transcribing agency:
DLC
- Modifying agency:
DLC
- Modifying agency:
UkOxU
100 1# - HEADING--PERSONAL NAME
- Personal name:
Tucker, Irvin B.
670 ## - SOURCE DATA FOUND
- Source citation:
Survey of economics, c1995:
- Information found:
CIP t.p. (Irvin B. Tucker, III)
670 ## - SOURCE DATA FOUND
- Source citation:
Economics for today, c1997:
- Information found:
CIP t.p. (Irvin B. Tucker, III; Univ. of N. Carolina at Charlotte)
670 ## - SOURCE DATA FOUND
- Source citation:
Survey of economics, 1998:
- Information found:
CIP t.p. (Irvin B. Tucker, III) data sheet (b. 08-25-42)
670 ## - SOURCE DATA FOUND
- Source citation:
Macroeconomics for today, c2003:
- Information found:
t.p. (Irvin Tucker) t.p. verso (Irvin B. Tucker)